000 01208nam a2200325 i 4500
003 EG-GICUC
005 20260423025322.0
008 260423s1933 fr adaafr|||| 001 0 fre d
040 _aEG-GiCUC
_bfre
_cEG-GiCUC
_dEG-GiCUC
_eRda
041 0 _afre
082 0 4 _221
_a343.8
_bHU . D
092 0 4 _221
099 _aLaw1 10 343.8 Hu . D 1933
100 1 _a Hugueney, Pierre.
_eAuteur
245 _aTraité Théorique Et Pratique De Droit Pénal Et De Procédure Pénale Militaires:
_b Suivi D'un Formulaire Et Des Principaux Textes Relatifs A La Justice Militaire /
_c Par Pierre Hugueney.
264 1 _a Paris :
_b Librairie Du Recueil Sirey,
_c1933.
264 3 _aBordeaux :
_bImprimerie J. Biere
300 _a971 page ;
_c 24 cm.
_billustration ;
336 _2rda contenu
_a texte
337 _2rda medias
_aOrdinateur
338 _2 transporteur rda
_a Ressource en ligne
504 _aBibliography Pages : Viii - Xi
546 _aTexte en français
650 1 4 _aAutres Sciences Auxiliaires AU Droit Pénal
_2qrmak
650 1 4 _aDroit De Pénal
_2qrmak
651 1 _2qrmak
856 4 0 _uhttps://fll.law.cu.edu.eg/fulltext/bks/B10-10288.pdf
905 _a54
942 _2ddc
_cBK
_e21
_n0
999 _c72933
_d72933